000 00946nam a2200265 i 4500
001 47647
003 ES-MaACL
005 20250707063357.0
007 t|
008 030512s1953 sp |||| | spa d
245 0 0 _aConstituciones de la República Argentina /
_cFaustino J. Legón y Samuel W. Medrano ; [prólogo, Manuel Fraga Iribarne].
260 _aMadrid :
_bCultura Hispánica,
_c1953.
300 _aLXXXIV, 527 p. ;
_c21 cm.
490 1 _aLas constituciones hispanoamericanas ;
_v3
650 4 _aDerecho constitucional-
_zArgentina.
_9169424
650 4 _aConstituciones-
_zArgentina.
_9155644
655 7 _2tgfbne
_9226828
_aConstituciones
700 1 _aLegón, Faustino J.
_971284
700 1 _aMedrano, Samuel W.
_979774
700 1 _aFraga Iribarne, Manuel,
_d1922-2012
_9193721
830 0 4 _aLas constituciones hispanoamericanas
_v3
_9182121
852 _aES-MaACL
_jC-11780
942 _2udc
999 _c47647
_d47647